[Event "Copenhagen Challenge GM 2020"]
[Site "Ballerup"]
[Date "2020.07.26"]
[Round "9.4"]
[White "Hector, Jonny"]
[Black "Rostgaard, Tobias Valentin"]
[Result "1/2-1/2"]
[WhiteElo "2476"]
[BlackElo "2372"]
[Annotator "TA"]
[PlyCount "181"]
[EventDate "2020.07.22"]
[EventType "tourn"]
[EventCountry "DEN"]
[SourceTitle "playchess.com"]
[Source "ChessBase"]
[SourceQuality "1"]

{[%evp 11,181,13,0,-12,-6,-2,0,0,0,0,0,0,0,-6,-5,-6,-6,-6,-6,-26,-26,-21,-30,-18,-24,-45,-4,0,0,-87,-86,-81,-72,-154,-97,-94,-96,-137,-135,-141,-133,-128,-129,-158,-162,-207,-7,-14,-11,-10,-13,-10,-18,-14,-20,-14,-11,-21,-12,-39,-25,-26,-9,-44,-42,-53,-32,-95,-97,-89,-52,-55,-43,-58,-18,-15,0,-6,0,0,0,0,18,0,0,0,0,0,0,0,0,0,0,0,0,0,0,0,0,0,0,0,0,0,0,0,0,0,0,0,0,0,0,0,0,0,0,0,0,0,0,0,0,0,0,0,0,0,0,0,0,0,0,0,0,0,0,0,0,0,0,0,0,0,0,0,0,0,0,0,0,0,0,0,0,0,0,0,0,0,0,0,0,0,0,0,0,0,0,0,0,0]} 1. e4 e5 2. Nf3 Nc6 3. Bc4 Bc5 4. c3 Nf6 5. d4 exd4 6. cxd4 Bb4+ 7. Nbd2 {C54: Giuoco Piano: 4 c3 Nf6, main lines with 5 d4 and 5 d3.} Nxe4 8. d5 Nxd2 9. Bxd2 Bxd2+ 10. Qxd2 Ne7 $1 11. d6 cxd6 12. Qxd6 O-O 13. O-O-O Nf5 14. Qf4 {[#]} d6 $146 ({Predecessor:} 14... Ne7 15. Bd5 Nxd5 16. Rxd5 d6 17. Qxd6 {½-½ (17) Engelbert,C (2237)-Budzyn,M (2112) Kiel 2006}) 15. Rhe1 Be6 $36 {[%mdl 2048] Black is pushing.} 16. Kb1 ({Reject} 16. Rxe6 fxe6 17. Bxe6+ Kh8 $17) 16... Bxc4 17. Qxc4 Qf6 18. Qe4 h6 19. Rd5 g6 20. Qd3 (20. Nd2 $11) 20... Rfe8 21. Rd1 Re6 22. g4 {[#]} ({White should try} 22. Qb5) 22... Ne7 (22... Ne3 $142 $1 {[%cal Re3d5][%mdl 512]} 23. fxe3 Qxf3 {[%mdl 64] Double Attack}) 23. Rb5 $17 b6 24. g5 hxg5 25. Nxg5 Re5 26. Ne4 Qf5 27. Rxe5 dxe5 28. Rg1 Nc6 $2 (28... Kg7 $19 {And now ...Rh8 would win.} 29. f3 Rh8) 29. Qd5 $1 $11 {[%cal Rd5c6]} Rc8 {Threatens to win with ...Nb4.} 30. Rg5 Ne7 31. Rxf5 Nxd5 32. Rxe5 {[%mdl 4096] Endgame KRN-KRN} Nf4 33. Re7 Nd3 {[%csl Gd3][%cal Rc8c1]} 34. Nc3 a6 35. f3 b5 36. Kc2 Nc5 37. Nd5 Ne6+ 38. Kb1 Rd8 39. Nf6+ (39. Nc7 $1 $15) 39... Kg7 $17 40. Ng4 Rd5 41. Ra7 Nc5 42. b4 Na4 43. Rxa6 {The position is equal.} Rd2 44. a3 Rb2+ 45. Kc1 Rb3 46. Ne5 f6 47. Nc6 Rxa3 48. Nd4 Rc3+ 49. Kd2 {Hoping for Rxa4!} Rc4 {[%mdl 64] [#] Double Attack} 50. Nxb5 Rxb4 51. Nd6 f5 52. Ke3 Nc5 53. Rc6 f4+ 54. Kd2 Ne6 55. Ne4 Kf7 56. Kc3 Rb1 {Strongly threatening ...Rc1+.} 57. Ra6 Rf1 58. Kc4 Rc1+ 59. Kd3 Rd1+ 60. Ke2 Rh1 61. Ra7+ Kf8 62. Rh7 Nd4+ 63. Kf2 Ra1 64. Ng5 Ra2+ 65. Kg1 Kg8 {aiming for ...Nxf3+!} 66. Rd7 Nf5 67. Rd8+ Kg7 68. Ne6+ Kf6 69. Nxf4 Nh4 70. Rd3 Kf5 71. Nd5 Ke5 72. Nc3 Rg2+ 73. Kh1 Rc2 {Black wants to play ...Rc1+.} 74. Re3+ (74. h3 {looks sharper.} Kf4 75. Rd4+ Kg3 76. Ne4+ Kf4 77. Nd2+) 74... Kf5 {( -> ...Rc1+)} 75. Ne2 {Black must now prevent Nd4+.} (75. Kg1 {with more complications.} Rg2+ 76. Kh1 Rf2 77. Kg1 Rg2+) 75... Rd2 76. Kg1 g5 77. Kf2 Kf6 78. Re4 Rd3 79. Nd4 Rd2+ 80. Ne2 Rd3 81. Re3 Rd2 82. Ra3 Nf5 83. Ra6+ Ke5 84. Ra4 Rb2 85. Re4+ Kf6 86. Kg2 Nd6 87. Re3 Nf5 88. Re8 Kf7 89. Re4 Nd6 90. Re3 Nf5 91. Re4 {Accuracy: White = 88%, Black = 91%.} 1/2-1/2

[Event "Copenhagen Challenge GM 2020"]
[Site "Ballerup"]
[Date "2020.07.26"]
[Round "9.5"]
[White "Haubro, Martin"]
[Black "Jacobsen, Mikkel Manosri"]
[Result "1-0"]
[WhiteElo "2437"]
[BlackElo "2316"]
[Annotator "TA"]
[PlyCount "27"]
[EventDate "2020.07.22"]
[EventType "tourn"]
[EventCountry "DEN"]
[SourceTitle "playchess.com"]
[Source "ChessBase"]
[SourceQuality "1"]

{[%evp 9,27,0,7,0,549,537,556,532,554,548,544,556,549,533,542,502,495,497,639,637]} 1. e4 c6 2. d4 d5 3. e5 c5 4. dxc5 e6 5. a3 Bxc5 6. Qg4 {[#] B12: Caro-Kann: Advance Variation.} Nc6 $146 {[%mdl 8192] [#]} (6... Ne7 $11 {and Black stays safe.}) ({Predecessor:} 6... Ne7 7. Bd3 O-O 8. Nf3 f5 9. exf6 Rxf6 10. Qh4 h6 11. O-O Nbc6 12. c4 Qf8 {1-0 (32) Karjakin,S (2754)-Wei,Y (2725) Jerusalem 2019}) 7. Qxg7 $18 {White is clearly winning.} Qh4 8. Nf3 Qxf2+ 9. Kd1 Nd4 10. Nxd4 Qxd4+ 11. Nd2 Bd7 {Black hopes to continue with ...0-0-0.} 12. Qxh8 O-O-O {With the idea ...Nh6.} 13. Qxh7 Qg4+ 14. Nf3 {Black got outplayed after the opening} 1-0